00421nam a2200169Ia 450000500170000000800410001704000190005804100120007708200130008910000250010224500440012726000260017130000110019750400190020865000130022785000110024020230922103450.0131103s9999 xx 000 0 und d aLoreto College aEnglish a262bHEB aHebblethwaite, Peter 4aThe Runaway ChurchcPeter Hebblethwaite aLondonbCollinsc1978 a281p.  aIncludes index aReligion aLCLIB